01239cam a22002771 45000010005000000030008000050050017000130080039000300350018000690350019000870400050001060410008001560820022001641000061001862450232002472600053004793000032005325040041005646500015006056500018006207000051006387000035006897000052007247000032007768560153008083635BD-RjUL20211208233748.0131219r1963 enka b 000 0 eng a(BD-RjUL)3669 a(OCoLC)2891213 aDLCcScUdScUdNcRSdOCoLCdDLCdBD-RjULbeng aeng a335bHAC 19632231 aHayek, Friedrich A. vonq(Friedrich August),d1899-1992,10aCollectivist economic planning :bcritical studies on the possibilities of socialism /cby N. G. Pierson, Ludwig von Mises, Georg Halm, and Enrico Barone; edited, with an introduction and a concluding essay, by F. A. von Hayek. aLondon :bG. Routledge ,c1935 [impression 1963] av, 293 p. :bill. ;c22 cm. a"Selected bibliography": p. 291-293. 0aSocialism. 0aCollectivism.1 aPierson, N. G.q(Nikolaas Gerard),d1839-1909.1 aVon Mises, Ludwig,d1881-1973.1 aHalm, George N.q(George Nikolaus),d1901-1984.1 aBarone, Enrico,d1859-1924. uhttp://www.worldcat.org/title/collectivist-economic-planning-critical-studies-on-the-possibilities-of-socialism/oclc/847788800&referer=brief_results